00299nam a22001097a 4500020000800000040001600008082001500024100001800039245004700057260005000104300003500154 qPB. cFizza Ishaq a812.5bJOH aStuart, John. aThe Education Of John Reed /cJohn Stuart. aNew York :b International Publishers,c1955. a224 p. ;c8 x 5.5 x .4 inches